Continents by Borders - Statistics

General Stats
  • This quiz has been taken 629 times
  • The average score is 6 of 7
Answers on the Map
Answers color-coded by a green-red scale on the quiz's map according to % correct below.
 
Answer Stats
Continent % Correct
Antarctica
100%
Asia
91%
Africa
86%
Europe
86%
Australia
77%
North America
74%
South America
74%
No matching quizzes found
Score Distribution
Percent of People with Each Score
Percentile by Number Answered
Your Score History
You have not taken this quiz